| 000 | 00964nam a22002897a 4500 | ||
|---|---|---|---|
| 003 | CHAP | ||
| 005 | 20220329140515.0 | ||
| 008 | 971013s r 00010 d | ||
| 010 | _a53028 | ||
| 011 | _a54000 | ||
| 035 | _a58150 | ||
| 040 | _cCHAP | ||
| 090 | _aR-445 | ||
| 100 | 0 | 0 |
_aRoss, D. J. _9100174 |
| 245 | _aNitrogen mineralisation in soils from Whakatane New Zeland, in raltion to their suitability for growing tobacco | ||
| 500 | _aSobretiro de : New Zealand Journal of Agricultural Research 9 (4) : 874-885, 1966 | ||
| 590 |
_aBATCH-UPD _b10 _c20130110 _lUCH01 _h0041 |
||
| 590 |
_aBATCH-UPD _b10 _c20130110 _lUCH01 _h0827 |
||
| 590 |
_aBATCH-UPD _b10 _c20130409 _lUCH01 _h2027 |
||
| 590 |
_aBATCH-UPD _b10 _c20130914 _lUCH01 _h2037 |
||
| 590 |
_aCONVERSION _b10 _c20130109 _lUCH01 _h1329 |
||
| 650 | 1 | 4 |
_aSuelos _xNitrĂ³geno en. _9110451 |
| 650 | 1 | 4 |
_aTabaco. _9111196 |
| 901 | _aBK | ||
| 942 | _cREIMP | ||
| 949 |
_aR-445 _bBC _cR _d-126260 _eTS1 _i58150 _si |
||
| 999 |
_c53028 _d53028 |
||